Répliques cultes comédies francaises - Statistiques

Statistiques générales
  • Ce quiz a été pris 1 022 fois
  • Le résultat moyen est 8 sur 14
Statistiques - réponses
Question Réponse % Correct
Jour / nuit / jour / nuit Les visiteurs
94%
Pas de pierre : pas de construction. Pas de construction : pas de palais. Pas de palais... pas de palais. Astérix et Obélix : Mission Cléopatre
77%
Ca va être tout noir !!! Ta g... RRRrrrr
73%
Vous êtes Odile Deray ? Non, je suis le pape et j'attends ma soeur ! La cité de la peur
69%
Eh ! Vous avez oublié votre Scrabble ! Les bronzés font du ski
66%
J'aime me beurrer la biscotte ! OSS 117 : le Caire nid d'espions
66%
Si on peut plus péter sous les étoiles sans faire tomber un martien. Il va nous en arriver des pleines brouettes. La soupe aux choux
61%
C'est fin, c'est très fin, ça se mange sans faim. Le père noël est une ordure
57%
100 patates !!! Les 3 frères
56%
On dit pas : « Pardonnez-moi je n'ai pas bien saisi le sens de votre question ». On dit : « Hein ? » Bienvenue chez les ch'tis
55%
Arrêtez ! Ou je tire une balle dans la tête à la main ! La tour Montparnasse infernale
47%
-Ils peuvent me tuer, je parlerai pas ! -Mais moi non plus, ils peuvent vous tuer, je ne parlerai pas ! La grande vadrouille
34%
Dis donc Sophie, j'espère que t'as pas pris un coup de soleil sur les fesses parce que ça va couter cher en Biafine ! Camping
31%
Par contre lui on dirait Gollum. - Ouais t'as raison, on dirait Gollum. - T'es un bâtard. - Bah pourquoi ? - Bah ça se fait pas pour Gollum ! Babysitting
21%
Aucun quiz correspondant
Distribution des résultats
% des personnes avec chaque résultat
Percentile par nombre de réponses
Votre historique - résultats
Vous n’avez pas pris ce quiz